Zaha Hadid 1950-2016 (Record no. 84852)

MARC details
000 -LEADER
fixed length control field 00504cab a22001935a 4500
001 - CONTROL NUMBER
control field L159261
008 - FIXED-LENGTH DATA ELEMENTS--GENERAL INFORMATION
fixed length control field 120228e20160216xxk 000 0 eng d
035 ## - SYSTEM CONTROL NUMBER
System control number (Sirsi) u159261
041 0# - LANGUAGE CODE
Language code of text/sound track or separate title eng
100 1# - MAIN ENTRY--PERSONAL NAME
Personal name Giovannini, Joseph
245 00 - TITLE STATEMENT
Title Zaha Hadid 1950-2016
Remainder of title Obituary
260 ## - PUBLICATION, DISTRIBUTION, ETC.
Date of publication, distribution, etc. 2016
490 ## - SERIES STATEMENT
Series statement Architects' Journal
Volume/sequential designation 243(9) 7 April 2016, 2-9(8)
520 ## - SUMMARY, ETC.
Summary, etc. Assesses the life and legacy of Zaha Hadid.
590 ## - LOCAL NOTE (RLIN)
Local note KA
651 #4 - SUBJECT ADDED ENTRY--GEOGRAPHIC NAME
Geographic name International
690 ## - LOCAL SUBJECT ADDED ENTRY--TOPICAL TERM (OCLC, RLIN)
Topical term or geographic name as entry element ARCHITECTURE
942 ## - ADDED ENTRY ELEMENTS (KOHA)
Suppress in OPAC 0
Holdings
Withdrawn status Lost status Source of classification or shelving scheme Damaged status Not for loan Home library Current library Shelving location Date acquired Total Checkouts Full call number Barcode Date last seen Copy number Price effective from Koha item type
    Dewey Decimal Classification     London London Journal article 08/04/2016   L159261 159261-1001 06/08/2019 1 06/08/2019 Journal article